Documentación administrativa (Registro nro. 25159)
[ vista simple ]
| 000 -CABECERA | |
|---|---|
| Longitud fija campo de control | 01524nms a2200397 c 4500 |
| 001 - NÚMERO DE CONTROL | |
| Número de control | 25159 |
| 003 - IDENTIFICADOR DE NÚMERO DE CONTROL | |
| Identificador del número de control | ES-MaCES |
| 005 - FECHA Y HORA DE LA ÚLTIMA TRANSACCIÓN | |
| Fecha y hora de la última transacción | 20250326123609.0 |
| 007 - PHYSICAL DESCRIPTION FIXED FIELD--GENERAL INFORMAT | |
| Campo fijo de descripción física | cr ||||||||||| |
| 008 - CAMPO FIJO DE DESCRIPCIÓN FIJA--INFORMACIÓN GENERAL | |
| Códigos de información de longitud fija | 931220d19002010sp f| | |spa d |
| 022 1# - ISSN (INTERNATIONAL STANDARD SERIAL NUMBER) | |
| Número Internacional Normalizado para Publicaciones Seriadas | 0012-4494 |
| 035 ## - NÚMERO DE CONTROL DEL SISTEMA | |
| Número de control del sistema | CES19980001393p |
| Número de control cancelado;no válido | 10141 |
| 040 ## - FUENTE DE CATALOGACIÓN | |
| Centro catalogador de origen | ES-MaCES |
| Lengua de catalogación | spa |
| Centro transcriptor | ES-MaCES |
| 245 00 - MENCIÓN DE TÍTULO | |
| Título | Documentación administrativa |
| Medio | Recurso electrónico |
| 246 0# - FORMA VARIANTE DEL TÍTULO | |
| Título propio ; Título en breve | DA |
| 260 ## - PUBLICACIÓN, DISTRIBUCIÓN, ETC (PIE DE IMPRENTA) | |
| Lugar de publicación, distribución, etc. | Madrid (Santa Engracia, 7, 28010) |
| Nombre del editor, distribuidor, etc. | Ministerio para las Administraciones Públicas, Secretaría General Técnica, Instituto Nacional de Administración Pública |
| Fecha de publicación, distribución, etc. | -2010. |
| 300 ## - DESCRIPCIÓN FÍSICA | |
| Extensión | v. |
| Dimensiones | 24 cm |
| 310 ## - PERIODICIDAD ACTUAL DE LA PUBLICACIÓN | |
| Periodicidad actual | 3 n. al año |
| 321 ## - PERIODICIDAD ANTERIOR DE LA PUBLICACIÓN | |
| Periodicidad anterior | Trimestral, bianual |
| 500 ## - NOTA GENERAL | |
| Nota general | Expurgo de la ed. impresa, se mantiene la ed. electrónica |
| 500 ## - NOTA GENERAL | |
| Nota general | Descripción basa da en: n. 227 (jul.- sept. 1991) |
| 541 ## - NOTA DE LA FUENTE INMEDIANTE DE ADQUISICIÓN | |
| Forma de adquisición | Gratuito |
| 650 #4 - ASIENTO SECUNDARIO DE MATERIA--TÉRMINO DE MATERIA | |
| Término de materia o nombre geográfico como elemento inicial | España |
| 9 (RLIN) | 26964 |
| 650 #4 - ASIENTO SECUNDARIO DE MATERIA--TÉRMINO DE MATERIA | |
| Término de materia o nombre geográfico como elemento inicial | administración pública |
| 9 (RLIN) | 27214 |
| 650 #4 - ASIENTO SECUNDARIO DE MATERIA--TÉRMINO DE MATERIA | |
| Término de materia o nombre geográfico como elemento inicial | derecho administrativo |
| 9 (RLIN) | 27155 |
| 653 10 - TÉRMINO DE INDEXACIÓN--NO CONTROLADO | |
| Término no controlado | Administración-Instituciones públicas |
| 710 2# - ENCABEZAMIENTO SECUNDARIO--NOMBRE CORPORATIVO | |
| Nombre de entidad o nombre de jurisdicción como elemento inicial | Instituto Nacional de Administración Pública (España) |
| Término indicativo de función | ed. |
| 9 (RLIN) | 4265 |
| 710 1# - ENCABEZAMIENTO SECUNDARIO--NOMBRE CORPORATIVO | |
| Nombre de entidad o nombre de jurisdicción como elemento inicial | España |
| Unidad subordinada | Ministerio para las Administraciones Públicas |
| Término indicativo de función | ed. |
| 9 (RLIN) | 3278 |
| 853 21 - LEYENDAS Y PATRÓN--UNIDAD BIBLIOGRÁFICA BÁSICA | |
| Segundo nivel de enumeración | n. |
| Primer nivel de cronología | año |
| Segundo nivel de cronología | mes |
| Continuidad en la numeración | c |
| Frecuencia | t |
| 856 4# - ACCESO ELECTRÓNICO | |
| Identificador Uniforme del Recurso (URI) | http://revistasonline.inap.es/index.php?journal=DA&page=index |
| Texto del enlace | texto completo desde n. 1 (1958) |
| 866 ## - FUENTES TEXTUALES--UNIDAD BIBLIOGRÁFICA BÁSICA | |
| Nota pública | Ubicación: CD - 10141 |
| 905 ## - CES. DATOS REVISTA | |
| Boletín de sumarios (Sirtex 591$a) | Boletín D |
| Formato | P-OL |
| Kardex | SÍ |
| Abreviatura boletín | DocAdm |
| Proceso | + |
| 942 ## - ELEMENTOS KOHA | |
| Fuente de clasificaión o esquema | Clasificación propia del CES |
| Koha [por defecto] tipo de item | Periódicas |
| Parte de clasificación | Administración e Instituciones Públicas |
| Serie de enumeración ; cronología | Número de registro | Préstamos totales | Tipo de item de Koha |
|---|---|---|---|
| CD recopilación nos. 1 a 269-270 (1958-2004) | 076407 | Periódicas |
